Normal view
MARC view
- Idārah-yi S̲aqāfat-i Islāmiyah (Lahore, Pakistan)
Entry Corporate Name
001 - CONTROL NUMBER
- control field: 5570
003 - CONTROL NUMBER IDENTIFIER
- control field: NUST
005 - DATE AND TIME OF LATEST TRANSACTION
- control field: 20171023122611.0
008 - FIXED-LENGTH DATA ELEMENTS
- fixed length control field: 171023|| aca||aabn | a|a d
040 ## - CATALOGING SOURCE
- Original cataloging agency: NUST
- Transcribing agency: NUST
110 ## - HEADING--CORPORATE NAME
- Corporate name or jurisdiction name as entry element: Idārah-yi S̲aqāfat-i Islāmiyah (Lahore, Pakistan)
670 ## - SOURCE DATA FOUND
- Source citation: Work cat.: (NUST)0: 880-01 Yāsir, K̲h̲ālid Iqbāl , author. 5569, Jadīd taḥrīkāt aur Iqbāl /
